000 00544nam a2200181Ia 4500
003 GCL
008 140319s9999 xx 000 0 ara d
040 _aGCL /
_cGCL
082 0 4 _a813.009
_bف ع
100 1 _aفاطمة الزهراء
245 1 0 _aالعناصر الرمزية فى القصة القصيرة /
_cفاطمة الزهراء
300 _a264 ص
490 _a100 قصة
_v0
650 0 4 _aالادب العربى
650 0 4 _aالقصة القصيرة
650 0 4 _aالقصة - الطرق الفنية
942 _2ddc
_cBK
999 _c43395
_d43395